| 000 | 01276cam a2200277Ka 4500 | ||
|---|---|---|---|
| 001 | sriramanasageofa00aksh | ||
| 003 | CaSfIA | ||
| 005 | 20210119084040.0 | ||
| 007 | cr|||| | ||
| 008 | 060926s1984 ii c 000 0 eng d | ||
| 040 |
_aCFT _cCFT _dSACAT _dCaSfIA |
||
| 035 | _a(OCoLC)71753890 | ||
| 092 |
_a181.4 _bR143s |
||
| 090 |
_aBL1175.R342 _bS93 1984 |
||
| 100 | 0 | _aAksharajna. | |
| 245 | 1 | 0 |
_aSri Ramana, the sage of Arunagiri : _h[electronic resource] _ba brief life-sketch of the sage and his teachings / _cby Aksharajna (G. R. Subbaramayya) |
| 250 | _a4th ed. | ||
| 260 |
_aTiruvannamalai : _bSri Ramanasramam, _c1984. |
||
| 300 |
_aiii, 91 p. : _bport. ; _c19 cm. |
||
| 600 | 0 | 0 |
_aRamana, _cMaharshi. |
| 856 | 4 | 1 |
_uhttp://www.archive.org/details/sriramanasageofa00aksh _zFree eBook from the Internet Archive |
| 856 | 4 | 2 |
_uhttp://www.openlibrary.org/books/OL24220433M _zAdditional information and access via Open Library |
| 942 | _cEB | ||
| 506 | _fНеобхідна авторизація на https://archive.org/ (створення облікового запису безкоштовно) | ||
| 506 | _fНеобхідна авторизація на https://openlibrary.org/ (створення облікового запису безкоштовно) | ||
| 999 |
_c551765 _d551765 |
||